[Event "Manizales op 24th"]
[Site "Manizales"]
[Date "2014.01.10"]
[Round "4"]
[White "Baez, Oswaldo"]
[Black "Avila Pavas, Santiago"]
[Result "0-1"]
[WhiteElo "1600"]
[BlackElo "1779"]
[PlyCount "38"]
[EventDate "2014.01.08"]
[EventType "swiss"]
[EventRounds "8"]
[EventCountry "COL"]
[SourceTitle "CBM 158 Extra"]
[Source "ChessBase"]
[SourceDate "2014.02.28"]
[SourceVersion "1"]
[SourceVersionDate "2014.02.28"]
[SourceQuality "1"]

1. e4 c5 2. c4 Nc6 3. d3 g6 4. Be2 Bg7 5. Nc3 Nf6 6. f4 d6 7. Nf3 0-0 8. 0-0 Bd7 9. Bd2 Rb8 10. Rb1 a6 11. Qe1 b5 12. b3 b4 13. Nd1 Qa5 14. a4 Bg4 15. Qg3 Bxf3 16. Bxf3 Nd4 17. Ne3 Nd7 18. f5 Ne5 19. h4 Nexf3+ 0-1

[Event "Manizales op 24th"]
[Site "Manizales"]
[Date "2014.01.09"]
[Round "3"]
[White "Molina, Gildardo"]
[Black "Baez, Oswaldo"]
[Result "1-0"]
[WhiteElo "2076"]
[BlackElo "1600"]
[PlyCount "43"]
[EventDate "2014.01.08"]
[EventType "swiss"]
[EventRounds "8"]
[EventCountry "COL"]
[SourceTitle "CBM 158 Extra"]
[Source "ChessBase"]
[SourceDate "2014.02.28"]
[SourceVersion "1"]
[SourceVersionDate "2014.02.28"]
[SourceQuality "1"]

1. e4 e5 2. Nf3 d6 3. d4 exd4 4. Qxd4 Nc6 5. Bb5 Bd7 6. Bxc6 Bxc6 7. Nc3 Nf6 8. Bg5 Be7 9. 0-0-0 0-0 10. Rhe1 b5 11. e5 Ne8 12. Bxe7 Qxe7 13. exd6 Qxd6 14. Ne5 Qh6+ 15. Kb1 a6 16. Qc5 Bb7 17. Re3 Rc8 18. Rde1 c6 19. Qxf8+ Kxf8 20. Nd7+ Kg8 21. Rxe8+ Rxe8 22. Rxe8# 1-0